Logo BPK

Biblioteka

Politechniki Koszalińskiej

Minerały : (Rekord nr 49208)

Szczegóły MARC
000 -ETYKIETA REKORDU
podpole kontrolne o stałej długości 01147nam a2200313 i 4500
001 - NUMER KONTROLNY REKORDU
pole kontrolne bg
020 ## - MIĘDZYNARODOWY ZNORMALIZOWANY NUMER KSIĄŻKI - ISBN
ISBN 8392301307
040 ## - ŹRÓDŁO KATALOGOWANIA
Instytucja, która utworzyła rekord BPK
041 0# - KOD JĘZYKA
Kod języka tekstu pol
-- eng
044 ## - KOD KRAJU WYDAWCY/PRODUCENTA
Kod kraju wydawcy/producenta POL
080 ## - UNIWERSALNA KLASYFIKACJA DZIESIĘTNA - UKD
UKD (07)
920 ## - Międzynarodowy znormalizowany numer książki – ISBN
ISBN 83-923013-0-7
008 - POLE O STAŁEJ DŁUGOŚCI - DANE KONTROLNE
podpole kontrolne o stałej długości 111103s2005 pl a |000 0 pol
100 1# - NAZWA OSOBOWA
Nazwa osobowa Parafiniuk, Jan
Daty związane z nazwą (1954- ).
245 10 - TYTUŁ/ODPOWIEDZIALNOŚĆ
Tytuł Minerały :
Ciąg dalszy tytułu systematyczny katalog 2004 /
Pozostałe elementy strefy tytułu i oznaczenia odpowiedzialności Jan Parafiniuk.
260 ## - STREFA ADRESU WYDAWNICZEGO
Miejsce wydania Warszawa :
Nazwa wydawcy/dystrybutora Towarzystwo Geologiczne "Spirifer",
Data publikacji, dystrybucji/powstania dokumentu 2005.
300 ## - STREFA OPISU FIZYCZNEGO
Objętość Skoroszyt [357] s. pag. varia ;
Rozmiary 23 cm +
Dokument towarzyszący dysk optyczny (CD-ROM).
500 ## - UWAGI OGÓLNE
Tekst uwagi Dok. towarzyszący: "Album minerałów". Tyt. z etykiety na dysku. Dysk zawiera: opis 150 minerałów, 300 fotografii.
504 ## - UWAGA DOTYCZĄCA BIBLIOGRAFII
Informacje o bibliografii Indeks.
521 ## - UWAGA DOTYCZĄCA PRZEZNACZENIA CZYTELNICZEGO
Przeznaczenie czytelnicze Dla mineralogów, geologów i innych przedstawicieli nauk przyrodniczych oraz dla studentów tych kierunków studiów.
546 ## - UWAGA O JĘZYKU
Uwaga o języku Indeks minerałów w jęz. pol. i ang.
586 ## - UWAGA DOTYCZĄCA NAGRÓD
Uwaga dotycząca nagród 553
586 ## - UWAGA DOTYCZĄCA NAGRÓD
Uwaga dotycząca nagród 549
650 #4 - HASŁO PRZEDMIOTOWE W FORMIE NAZWY OGÓLNEJ LUB JEDNOSTKOWEJ
Nazwa ogólna lub geograficzna Minerały
650 #4 - HASŁO PRZEDMIOTOWE W FORMIE NAZWY OGÓLNEJ LUB JEDNOSTKOWEJ
Nazwa ogólna lub geograficzna Mineralogia
650 #4 - HASŁO PRZEDMIOTOWE W FORMIE NAZWY OGÓLNEJ LUB JEDNOSTKOWEJ
Nazwa ogólna lub geograficzna Podręczniki
856 ## - LOKALIZACJA I DOSTĘP DO ELEKTRONICZNYCH DOKUMENTÓW ZDALNYCH
Link (URL) http://koha.tu.koszalin.pl/cgi-bin/koha/opac-detail.pl?biblionumber=49208
Tekst linku Katalog online BPK
942 ## - DODATKOWE ELEMENTY (KOHA)
Typ dokumentu Katalog
Egzemplarze
Wycofany Status egzemplarza Uszkodzony Dostępność Lokalizacja stała Lokalizacja bieżąca Miejsce przechowywania Sygnatura Kod kreskowy Typ dokumentu
      Dostępny Biblioteka Politechniki Koszalińskiej Biblioteka Politechniki Koszalińskiej Wypożyczalnia BG KC 3651 02539287 Katalog
© 2023 Biblioteka Politechniki Koszalińskiej :: KOHA